[Event "Ostrava Konik op-A"]
[Site "Ostrava"]
[Date "2022.05.03"]
[Round "4"]
[White "Sernecki, Franciszek"]
[Black "Ockay, Tomas"]
[Result "1/2-1/2"]
[WhiteElo "2272"]
[BlackElo "2110"]
[PlyCount "123"]
[EventDate "2022.04.30"]
[EventType "swiss"]
[EventRounds "9"]
[EventCountry "CZE"]
[SourceTitle "CBM 208 Extra"]
[Source "ChessBase"]
[SourceDate "2022.07.31"]
[SourceVersion "1"]
[SourceVersionDate "2022.07.31"]
[SourceQuality "1"]

1. d4 Nf6 2. c4 e6 3. Nf3 b6 4. g3 Bb7 5. Bg2 Bb4+ 6. Bd2 Be7 7. Nc3 0-0 8. Qc2 c5 9. dxc5 bxc5 10. 0-0 d6 11. Rfd1 Qb6 12. Bf4 Rd8 13. Rac1 Nc6 14. b3 h6 15. Qb1 Rac8 16. h3 e5 17. Be3 Nd4 18. Nd2 Bxg2 19. Kxg2 Qc6+ 20. Kg1 Ne6 21. Nde4 Nxe4 22. Qxe4 Qxe4 23. Nxe4 f5 24. Nc3 f4 25. Nd5 Bg5 26. h4 fxe3 27. hxg5 exf2+ 28. Kg2 Kf7 29. gxh6 gxh6 30. Rf1 Kg7 31. Rxf2 Rf8 32. Rcf1 Rxf2+ 33. Rxf2 Nc7 34. Ne7 Rd8 35. Rf3 Rd7 36. Nf5+ Kg6 37. Nh4+ Kg7 38. Nf5+ Kg6 39. Nh4+ Kg7 40. Rf5 Ne8 41. e3 Nf6 42. Kf3 Kf7 43. e4 Ke6 44. Ng2 a5 45. Ne3 a4 46. Nd5 Nxd5 47. cxd5+ Ke7 48. bxa4 Ra7 49. Rh5 Rxa4 50. Rxh6 Rxa2 51. Rh7+ Kf6 52. Rd7 Kg5 53. Rxd6 Ra3+ 54. Kf2 Ra2+ 55. Kf3 Ra3+ 56. Kg2 Re3 57. Rc6 Rxe4 58. Rxc5 Rd4 59. Kf3 Kf5 60. Ke3 Kg4 61. d6 Rxd6 62. Ke4 1/2-1/2

[Event "CZE-chT2F 2122"]
[Site "Czech Republic"]
[Date "2021.11.07"]
[Round "2.3"]
[White "Ockay, Tomas"]
[Black "Sikorova, Olga"]
[Result "0-1"]
[WhiteElo "2104"]
[BlackElo "2167"]
[PlyCount "128"]
[EventDate "2021.10.17"]
[EventType "team-tourn"]
[EventRounds "11"]
[EventCountry "CZE"]
[SourceTitle "EXT 2024"]
[Source "ChessBase"]
[SourceDate "2023.10.10"]
[SourceVersion "1"]
[SourceVersionDate "2023.10.10"]
[SourceQuality "1"]
[WhiteTeam "Poruba Slavoj III"]
[BlackTeam "Trinec II"]
[WhiteTeamCountry "CZE"]
[BlackTeamCountry "CZE"]

1. Nf3 Nf6 2. b3 c5 3. Bb2 d5 4. e3 Nc6 5. Bb5 Bd7 6. 0-0 e6 7. c4 dxc4 8. Bxc4 Bd6 9. d4 cxd4 10. Nxd4 Nxd4 11. Qxd4 Qc7 12. h3 Bc6 13. Nc3 a6 14. Rac1 Rd8 15. Qh4 Bh2+ 16. Kh1 Rd2 17. Ba3 h6 18. Be2 Bd6 19. Bb4 Bxb4 20. Qxb4 Qe7 21. Qb6 0-0 22. Bxa6 Ne4 23. Nxe4 Bxe4 24. Qa5 Rd5 25. Qa4 Bxg2+ 26. Kxg2 Ra8 27. Qe4 bxa6 28. Rfd1 Rg5+ 29. Kh2 Rd8 30. f4 Rg6 31. b4 f5 32. Qc4 Rxd1 33. Rxd1 Qh4 34. Qf1 Qg3+ 35. Kh1 Qxe3 36. Re1 Qc3 37. Rb1 Qc2 38. a3 Rg3 39. Re1 Qc6+ 40. Kh2 Rxa3 41. Qe2 Rf3 42. Qxe6+ Qxe6 43. Rxe6 Rxf4 44. Re5 Kf7 45. Kg3 g5 46. Ra5 h5 47. Kg2 h4 48. Kh2 Kg7 49. Kg2 Rxb4 50. Rxf5 Rb5 51. Rf2 a5 52. Ra2 Rf5 53. Ra4 Kf6 54. Re4 Re5 55. Ra4 Ke6 56. Kf3 Kd6 57. Kg4 Kc6 58. Ra1 Rc5 59. Ra4 Kb5 60. Ra1 a4 61. Rb1+ Ka5 62. Ra1 Rb5 63. Ra2 Kb4 64. Rb2+ Kc4 0-1

[Event "CZE-chT2F 1920"]
[Site "Czech Republic"]
[Date "2020.02.09"]
[Round "8.4"]
[White "Ockay, Tomas"]
[Black "Vesely, Martin"]
[Result "1/2-1/2"]
[WhiteElo "2132"]
[BlackElo "2086"]
[PlyCount "61"]
[EventDate "2019.10.13"]
[EventType "team-tourn"]
[EventRounds "11"]
[EventCountry "CZE"]
[SourceTitle "EXT 2024"]
[Source "ChessBase"]
[SourceDate "2023.10.10"]
[SourceVersion "1"]
[SourceVersionDate "2023.10.10"]
[SourceQuality "1"]
[WhiteTeam "Poruba Slavoj III"]
[BlackTeam "Ostrava TJ Nova Hut II"]
[WhiteTeamCountry "CZE"]
[BlackTeamCountry "CZE"]

1. Nf3 Nf6 2. b3 e6 3. Bb2 Be7 4. g3 d5 5. c4 c5 6. Bg2 0-0 7. 0-0 Nc6 8. cxd5 Nxd5 9. d4 b6 10. Nc3 Ncb4 11. Nxd5 Nxd5 12. dxc5 Bxc5 13. e4 Nb4 14. Ne5 Ba6 15. Qg4 Qd2 16. Nc4 Qh6 17. Qe2 Rad8 18. Rad1 Nc6 19. e5 Nd4 20. Qe4 Qg6 21. Rfe1 Qxe4 22. Bxe4 Bxc4 23. bxc4 h6 24. Kg2 Rfe8 25. Re3 Nc2 26. Red3 Rxd3 27. Bxd3 Nd4 28. Be4 Rd8 29. f4 Kf8 30. g4 g6 31. Bxd4 1/2-1/2

[Event "Olomouc op 22nd"]
[Site "Olomouc"]
[Date "2019.08.10"]
[Round "1"]
[White "Ockay, Tomas"]
[Black "Hornak, Pavol"]
[Result "1-0"]
[WhiteElo "2137"]
[BlackElo "1767"]
[PlyCount "83"]
[EventDate "2019.08.10"]
[EventType "swiss"]
[EventRounds "9"]
[EventCountry "CZE"]
[SourceTitle "CBM 191 Extra"]
[Source "ChessBase"]
[SourceDate "2019.09.30"]
[SourceVersion "1"]
[SourceVersionDate "2019.09.30"]
[SourceQuality "1"]

1. Nf3 d5 2. b3 Nf6 3. Bb2 e6 4. e3 Be7 5. Be2 b6 6. 0-0 0-0 7. c4 c6 8. d4 Bb7 9. Nc3 Nbd7 10. Qc2 dxc4 11. Bxc4 Nd5 12. Rfd1 Nxc3 13. Bxc3 Qc7 14. Bd3 h6 15. Qb2 Nf6 16. Rac1 Rac8 17. Bb1 Nd5 18. Qc2 f5 19. Ne5 Nxc3 20. Qxc3 Qd6 21. Qc4 Bf6 22. Bxf5 Rce8 23. Bg6 Rc8 24. f4 b5 25. Qc5 Bxe5 26. Qxe5 Qxe5 27. fxe5 Rc7 28. Be4 Kf7 29. Rf1+ Ke7 30. Rxf8 Kxf8 31. Kf2 Ke8 32. Kg3 Kd7 33. Kg4 Kc8 34. b4 Kb8 35. Rf1 Re7 36. Kh5 Kc7 37. Kg6 Kb6 38. Rf7 Rxf7 39. Kxf7 a5 40. a3 axb4 41. axb4 c5 42. dxc5+ 1-0

[Event "CZE-ch"]
[Site "Ostrava"]
[Date "2019.05.03"]
[Round "7"]
[White "Ockay, Tomas"]
[Black "Vokac, Marek"]
[Result "1/2-1/2"]
[WhiteElo "2131"]
[BlackElo "2343"]
[PlyCount "147"]
[EventDate "2019.04.27"]
[EventType "swiss"]
[EventRounds "9"]
[EventCountry "CZE"]
[SourceTitle "CBM 190 Extra"]
[Source "ChessBase"]
[SourceDate "2019.07.15"]
[SourceVersion "1"]
[SourceVersionDate "2019.07.15"]
[SourceQuality "1"]

1. Nf3 g6 2. d4 Bg7 3. g3 c5 4. c3 cxd4 5. cxd4 d5 6. Bg2 Nc6 7. 0-0 e6 8. Nc3 Nge7 9. b3 0-0 10. Bb2 b6 11. Rc1 Ba6 12. Re1 Rc8 13. Ba3 Re8 14. e3 Nf5 15. Bf1 Bxf1 16. Kxf1 h5 17. h4 Qd7 18. Kg2 Red8 19. Ne2 Qb7 20. Qd3 Nb8 21. Nf4 Qa6 22. Qxa6 Nxa6 23. Nd3 f6 24. Kf1 Nc7 25. Ke2 Nb5 26. Bb2 Nbd6 27. Nd2 Kf7 28. Rxc8 Rxc8 29. Rc1 Rxc1 30. Bxc1 g5 31. hxg5 fxg5 32. Kf3 g4+ 33. Ke2 Bh6 34. Ne5+ Ke8 35. Ba3 Nf7 36. Ng6 Kd7 37. Nf8+ Bxf8 38. Bxf8 Ng5 39. Bb4 h4 40. gxh4 Nxh4 41. Nf1 a5 42. Be1 Ngf3 43. Bc3 Nf5 44. Nd2 Nxd2 45. Bxd2 Nh4 46. Kd3 Nf3 47. Bc3 Ng5 48. Be1 Ne4 49. Ke2 Ng5 50. Kd3 Kc6 51. a4 Kd7 52. Bc3 Ne4 53. Be1 Kc6 54. Ke2 Ng5 55. Bd2 Kd6 56. Be1 Kc6 57. Bc3 Kb7 58. Be1 Ka6 59. Kd3 b5 60. axb5+ Kxb5 61. Ke2 a4 62. bxa4+ Kxa4 63. Kd3 Kb3 64. Ba5 Ne4 65. Ke2 Kc2 66. f3 gxf3+ 67. Kxf3 Kd3 68. Bc7 Nd2+ 69. Kf2 Nc4 70. Bf4 Na3 71. Kf3 Nc2 72. Bh6 Nb4 73. Bf4 Nc6 74. Bd6 1/2-1/2

[Event "CZE-chT2F 1718"]
[Site "Czech Republic"]
[Date "2017.10.15"]
[Round "1.6"]
[White "Ockay, Tomas"]
[Black "Didi, Jan"]
[Result "1/2-1/2"]
[WhiteElo "2097"]
[BlackElo "2011"]
[PlyCount "42"]
[EventDate "2017.10.15"]
[EventType "team-tourn"]
[EventRounds "11"]
[EventCountry "CZE"]
[SourceTitle "EXT 2022"]
[Source "ChessBase"]
[SourceDate "2021.10.06"]
[SourceVersion "1"]
[SourceVersionDate "2021.10.06"]
[SourceQuality "1"]
[WhiteTeam "Poruba Slavoj II"]
[BlackTeam "Ostrava Labortech II"]
[WhiteTeamCountry "CZE"]
[BlackTeamCountry "CZE"]

1. Nf3 Nf6 2. b3 d5 3. Bb2 c5 4. e3 a6 5. Be2 Nc6 6. d4 Bf5 7. 0-0 e6 8. Nh4 Bg6 9. Nd2 Be7 10. Nxg6 hxg6 11. Nf3 0-0 12. Ne5 Rc8 13. Bf3 cxd4 14. exd4 Nxe5 15. dxe5 Nd7 16. Re1 Bb4 17. Re3 Qc7 18. Rc1 Bc5 19. Re2 b5 20. g3 Nb6 21. Qd3 Qe7 1/2-1/2

[Event "CZE-ch"]
[Site "Ostrava"]
[Date "2017.05.05"]
[Round "7"]
[White "Ockay, Tomas"]
[Black "Kabelka, Ondrej"]
[Result "1-0"]
[WhiteElo "2107"]
[BlackElo "2069"]
[PlyCount "159"]
[EventDate "2017.04.29"]
[EventType "swiss"]
[EventRounds "9"]
[EventCountry "CZE"]
[SourceTitle "CBM 178 Extra"]
[Source "ChessBase"]
[SourceDate "2017.06.22"]
[SourceVersion "1"]
[SourceVersionDate "2017.06.22"]
[SourceQuality "1"]

1. Nf3 g6 2. d4 Nf6 3. c4 Bg7 4. g3 d5 5. Bg2 dxc4 6. Qa4+ Nbd7 7. Qxc4 0-0 8. Nc3 a6 9. Qd3 Nb6 10. 0-0 Be6 11. Bg5 Nfd7 12. Rfd1 c6 13. b3 Re8 14. h3 a5 15. Rab1 Nb8 16. Bf4 Na6 17. Ng5 Bc8 18. a3 Nc7 19. Na4 Nbd5 20. Bd2 Nb5 21. Bxd5 Qxd5 22. Nb6 Qd8 23. Nxa8 h6 24. Nf3 Bxh3 25. a4 Nd6 26. e4 Qxa8 27. Ne5 Be6 28. Nc4 Nxc4 29. bxc4 Rd8 30. d5 Qa6 31. Bc3 Bc8 32. Bxg7 Kxg7 33. Qc3+ Kh7 34. c5 cxd5 35. Rxd5 Re8 36. Rbd1 Bh3 37. Qd3 Qf6 38. f3 h5 39. Kh2 Be6 40. Rd4 h4 41. Qe3 Qe5 42. Qf4 Qxc5 43. gxh4 Rh8 44. Qg5 Qc7+ 45. Kg2 Kg7 46. Rc1 Qb6 47. Rcd1 f6 48. Qb5 Qxb5 49. axb5 Rh5 50. Rb1 b6 51. Rd8 Bc4 52. Rb8 Rxb5 53. Rxb5 Bxb5 54. Rxb6 Be8 55. Ra6 a4 56. f4 Kf7 57. Kf3 Bd7 58. Ke3 Bb5 59. Ra5 Bd7 60. Kd4 Bc6 61. Ra6 Bb5 62. Ra7 Bc6 63. e5 fxe5+ 64. Kxe5 Bb5 65. Rc7 Be8 66. f5 gxf5 67. Kxf5 Kf8 68. Kg5 Bf7 69. Ra7 Be8 70. h5 Kg8 71. Rxe7 Bb5 72. Ra7 Kh8 73. h6 a3 74. h7 a2 75. Kh6 a1Q 76. Rxa1 Ba6 77. Rb1 Bb5 78. Rb4 Be8 79. Rb7 Bg6 80. Rb8+ 1-0

[Event "CZE-chT2F 1617"]
[Site "Czech Republic"]
[Date "2016.12.11"]
[Round "5.4"]
[White "Ockay, Tomas"]
[Black "Olsar, Jaroslav"]
[Result "1/2-1/2"]
[WhiteElo "2121"]
[BlackElo "2246"]
[PlyCount "126"]
[EventDate "2016.10.09"]
[EventType "team-tourn"]
[EventRounds "11"]
[EventCountry "CZE"]
[SourceTitle "EXT 2022"]
[Source "ChessBase"]
[SourceDate "2021.10.06"]
[SourceVersion "1"]
[SourceVersionDate "2021.10.06"]
[SourceQuality "1"]
[WhiteTeam "Poruba Slavoj II"]
[BlackTeam "Karvina"]
[WhiteTeamCountry "CZE"]
[BlackTeamCountry "CZE"]

1. Nf3 d5 2. d4 Nf6 3. c4 c6 4. Nc3 dxc4 5. a4 Bf5 6. e3 e6 7. Bxc4 Bb4 8. 0-0 Nbd7 9. Bd3 Bxd3 10. Qxd3 0-0 11. Bd2 Qe7 12. Ne4 Rfd8 13. Bxb4 Qxb4 14. Qc3 Qe7 15. Nxf6+ Nxf6 16. Ne5 Rd5 17. Rac1 Rad8 18. Nd3 Ne4 19. Qc2 f5 20. b4 R5d6 21. a5 a6 22. Rfd1 Rd5 23. Qb3 Rb5 24. Nc5 Rd5 25. f3 Nxc5 26. dxc5 Kf7 27. Rxd5 exd5 28. Qc3 Qf6 29. Qxf6+ Kxf6 30. Rb1 Ke5 31. Kf2 b6 32. cxb6 c5 33. f4+ Ke6 34. Rc1 cxb4 35. Ke2 Kd6 36. Kd3 Rxa5 37. Rc7 Rb5 38. Kc2 b3+ 39. Kb2 a5 40. Rxg7 a4 41. Ra7 Rb4 42. b7 Kc7 43. g4 Kb8 44. Ra5 fxg4 45. f5 Rc4 46. f6 Rc2+ 47. Kb1 Rf2 48. Rxa4 Rxf6 49. Rxg4 Kxb7 50. Rg7+ Kc6 51. Rxh7 Rf2 52. h4 Rh2 53. h5 Kc5 54. h6 Kc4 55. Rh8 Kc3 56. Rc8+ Kd3 57. Rh8 Kxe3 58. h7 Kd4 59. Kc1 Rc2+ 60. Kb1 Rc7 61. Kb2 Rb7 62. Kc1 Rc7+ 63. Kb2 Rb7 1/2-1/2

[Event "Ostrava Konik op-A"]
[Site "Ostrava"]
[Date "2016.05.03"]
[Round "4"]
[White "Ockay, Tomas"]
[Black "Chudinovskih, Alexander N"]
[Result "0-1"]
[WhiteElo "2146"]
[BlackElo "2254"]
[PlyCount "166"]
[EventDate "2016.04.30"]
[EventType "swiss"]
[EventRounds "9"]
[EventCountry "CZE"]
[SourceTitle "CBM 172 Extra"]
[Source "ChessBase"]
[SourceDate "2016.06.21"]
[SourceVersion "1"]
[SourceVersionDate "2016.06.21"]
[SourceQuality "1"]

1. Nf3 d5 2. b3 Nf6 3. Bb2 e6 4. g3 a5 5. Bg2 a4 6. 0-0 a3 7. Bxf6 Qxf6 8. d4 c5 9. c3 Nc6 10. e3 g6 11. Qc1 Qe7 12. Re1 Bg7 13. e4 dxe4 14. Rxe4 cxd4 15. Nxd4 Nxd4 16. cxd4 f5 17. Re5 Bxe5 18. dxe5 0-0 19. Nd2 Rd8 20. Nc4 Ra6 21. Qe3 b5 22. Nd6 Raxd6 23. exd6 Qxd6 24. Rc1 e5 25. b4 Be6 26. Qxa3 Qd2 27. Bf1 Qxa2 28. Qxa2 Bxa2 29. Bxb5 Rd4 30. Ra1 Bd5 31. Bf1 Rxb4 32. Ra5 Be4 33. f3 Bxf3 34. Rxe5 Be4 35. Rc5 Kf7 36. Rb5 Rd4 37. Rb2 Kf6 38. Bg2 Bd3 39. Kf2 Bc4 40. Bf1 Be6 41. Be2 g5 42. Bf3 g4 43. Bg2 h5 44. h3 Rd3 45. hxg4 hxg4 46. Re2 Rc3 47. Re3 Rc7 48. Re2 Bb3 49. Rb2 Rc3 50. Bb7 Kg5 51. Kg2 Bc4 52. Kf2 Rc1 53. Rd2 Rf1+ 54. Kg2 Rb1 55. Bc6 Rb6 56. Ba8 Kg6 57. Kf2 Kh5 58. Bd5 Ba6 59. Bg2 Kg5 60. Rc2 Rb1 61. Ra2 Bb5 62. Rd2 Rc1 63. Bb7 Rf1+ 64. Kg2 Rb1 65. Kf2 Kf6 66. Ba8 Ke6 67. Bg2 Bc4 68. Rc2 Bb5 69. Rd2 Rc1 70. Bd5+ Ke5 71. Bg2 Bc4 72. Bb7 f4 73. gxf4+ Kxf4 74. Rd4+ Kg5 75. Kg3 Rc3+ 76. Kg2 Kh4 77. Bc8 Rc2+ 78. Kg1 Be2 79. Bf5 Rb2 80. Bxg4 Bxg4 81. Kf1 Kg3 82. Ke1 Re2+ 83. Kf1 Re3 0-1

[Event "CZE-chT2F 1516"]
[Site "Czech Republic"]
[Date "2016.02.07"]
[Round "7.36"]
[White "Zadrapa, Radek"]
[Black "Ockay, Tomas"]
[Result "1-0"]
[WhiteElo "2029"]
[BlackElo "2146"]
[PlyCount "63"]
[EventDate "2015.10.18"]
[EventType "team-tourn"]
[EventRounds "11"]
[EventCountry "CZE"]
[SourceTitle "EXT 2022"]
[Source "ChessBase"]
[SourceDate "2021.10.06"]
[SourceVersion "1"]
[SourceVersionDate "2021.10.06"]
[SourceQuality "1"]
[WhiteTeam "Vsetin"]
[BlackTeam "Poruba Slavoj II"]
[WhiteTeamCountry "CZE"]
[BlackTeamCountry "CZE"]

1. e4 c6 2. d4 d5 3. e5 Bf5 4. h4 h5 5. Nh3 Bxh3 6. Rxh3 e6 7. Nd2 Ne7 8. Nf3 Nf5 9. Bd3 g6 10. Bg5 Be7 11. Qd2 Bxg5 12. hxg5 Ng7 13. 0-0-0 Nd7 14. g4 Qe7 15. Qa5 Qd8 16. Qd2 Qe7 17. Rdh1 0-0-0 18. Nh4 Nf8 19. Ng2 Rg8 20. gxh5 Nxh5 21. f4 Ng7 22. Ne3 Nf5 23. Ng4 Nd7 24. Nf6 Nxf6 25. gxf6 Qc7 26. Be2 Qb6 27. Rh7 Rgf8 28. Rd1 c5 29. dxc5 Qxc5 30. Bd3 Ne3 31. Re1 Ng4 32. Qc3 1-0

[Event "CZE-chT2F 1415"]
[Site "Czech Republic"]
[Date "2014.11.02"]
[Round "1.66"]
[White "Zadrapa, Radek"]
[Black "Ockay, Tomas"]
[Result "0-1"]
[WhiteElo "2018"]
[BlackElo "2122"]
[PlyCount "96"]
[EventDate "2014.11.02"]
[EventType "team-tourn"]
[EventRounds "11"]
[EventCountry "CZE"]
[SourceTitle "EXT 2022"]
[Source "ChessBase"]
[SourceDate "2021.10.06"]
[SourceVersion "1"]
[SourceVersionDate "2021.10.06"]
[SourceQuality "1"]
[WhiteTeam "Vsetin"]
[BlackTeam "Poruba Slavoj II"]
[WhiteTeamCountry "CZE"]
[BlackTeamCountry "CZE"]

1. d4 Nf6 2. c4 e6 3. Nc3 Bb4 4. Qc2 c5 5. e3 Nc6 6. Nf3 0-0 7. a3 Bxc3+ 8. bxc3 d5 9. Bd3 b6 10. 0-0 Ba6 11. cxd5 Bxd3 12. Qxd3 Qxd5 13. Nd2 cxd4 14. cxd4 e5 15. Bb2 exd4 16. exd4 Rfd8 17. Nf3 Ne4 18. Rac1 Nd6 19. Rfe1 Rac8 20. h4 h6 21. g3 Na5 22. Rxc8 Rxc8 23. Bc1 Nac4 24. Bf4 b5 25. Re7 a5 26. Rd7 Qc6 27. Re7 Qd5 28. Rd7 Qe6 29. Ra7 a4 30. d5 Qe4 31. Qxe4 Nxe4 32. Ne5 Nxe5 33. Bxe5 Rd8 34. d6 Nxd6 35. Ra5 Nc4 36. Rxb5 Rd3 37. Bf4 Rxa3 38. Rc5 Nb2 39. h5 Nd3 40. Rc8+ Kh7 41. Bd6 Ra1+ 42. Kg2 Ra2 43. Ra8 Rxf2+ 44. Kh3 Rf5 45. Kh4 Rd5 46. Ba3 Rd4+ 47. Kh3 Nf4+ 48. Kh2 Nxh5 0-1

[Event "CZE-ch"]
[Site "Ostrava"]
[Date "2014.05.04"]
[Round "9"]
[White "Ockay, Tomas"]
[Black "Vrana, Frantisek"]
[Result "0-1"]
[WhiteElo "2154"]
[BlackElo "2245"]
[PlyCount "72"]
[EventDate "2014.04.26"]
[EventType "swiss"]
[EventRounds "9"]
[EventCountry "CZE"]
[SourceTitle "CBM 160 Extra"]
[Source "ChessBase"]
[SourceDate "2014.07.01"]
[SourceVersion "1"]
[SourceVersionDate "2014.07.01"]
[SourceQuality "1"]

1. Nf3 g6 2. d4 Bg7 3. g3 Nf6 4. Bg2 0-0 5. c4 d6 6. Nc3 Nc6 7. 0-0 a6 8. h3 Rb8 9. Bg5 b5 10. cxb5 axb5 11. d5 Na5 12. Bxf6 Bxf6 13. Nd4 Bd7 14. Qd3 b4 15. Ne4 Bg7 16. Nd2 e6 17. e4 Qf6 18. N2f3 c5 19. dxc6 Nxc6 20. Rfd1 Rfc8 21. Rac1 Ne5 22. Rxc8+ Rxc8 23. Nxe5 Qxe5 24. Bf3 Ba4 25. b3 Rc3 26. Qa6 Be8 27. Qa8 Kf8 28. Kg2 Qc5 29. Ne2 Rc2 30. h4 h5 31. Kf1 Be5 32. Kg2 Ke7 33. Qb7+ Kf6 34. Re1 Bb5 35. Qa8 Bc3 36. Nxc3 Qxf2+ 0-1